000 00575nam a2200193 a 4500
001 000012545
005 20240530073914.0
008 091113s1996 dr 000 f spa d
040 _aDO-SdBNP
_bspa
_cBNPHU
082 _aRD863.44
_bM181n
100 1 _aMadera, Osiris
_914884
245 1 3 _aLa novela de Usnea /
_cOsiris Madera.
260 _aSanto Domingo, :
_bDe Colores,
_c1996.
300 _a109 p. ;
_c18 cm.
590 _aInventariado, 2020 /LP
650 0 _aNovela dominicana
_9223
650 0 _aLiteratura dominicana.
_967
910 _aValidado. Control de calidad MFF
999 _c12200
_d12200